书目信息 |
| 题名: |
最后的乔丹
|
|
| 作者: | 莱希 | |
| 分册: | ||
| 出版信息: | 上海 上海远东出版社 2007 |
|
| 页数: | 366页 | |
| 开本: | 24cm | |
| 丛书名: | ||
| 单 册: | ||
| 中图分类: | K837.125 | |
| 科图分类: | ||
| 主题词: | ||
| 电子资源: | ||
| ISBN: | 978-7-80706-421-3 | |
| 000 | 00638nam0 2200217 45 | |
| 001 | 070730000494 | |
| 005 | 20071016104700.81 | |
| 010 | @a978-7-80706-421-3@dCNY39.00 | |
| 100 | @a20070718d2007 ekmy0chiy0120 ea | |
| 101 | 0 | @achi |
| 102 | @aCN@b110000 | |
| 105 | @ay z 000yy | |
| 200 | 1 | @a最后的乔丹@AZui Hou De Qiao Dan@f(美)迈克尔·莱希著@F( Mei ) Mai Ke Er· Lai Xi Zhu@g黄彭年译 |
| 210 | @a上海@c上海远东出版社@d2007 | |
| 215 | @a366页@d24cm | |
| 300 | @a迄今为止最为完备的乔丹写照 | |
| 600 | @a乔丹@x生平事迹 | |
| 690 | @aK837.125@v4 | |
| 701 | 1 | @a莱希@ALai Xi@b迈克尔@著 |
| 801 | 0 | @aCN@c20071016 |
| 905 | @dK837.125@eM268 | |
| 最后的乔丹/(美)迈克尔·莱希著/黄彭年译.-上海:上海远东出版社,2007 |
| 366页;24cm |
| 迄今为止最为完备的乔丹写照 |
| ISBN 978-7-80706-421-3:CNY39.00 |
| ● |
| 相关链接 |
|
|
|
正题名:最后的乔丹
索取号:K837.125/M268
 
预约/预借
| 序号 | 登录号 | 条形码 | 馆藏地/架位号 | 状态 | 备注 |
| 1 | 651128 | 206511283 | 社科库309/309社科库 3排3列3层/ [索取号:K837.125/M268] | 在馆 |